| 000 | 00349nam a2200109Ia 4500 | ||
|---|---|---|---|
| 008 | 220216s9999 xx 000 0 und d | ||
| 100 | _aDharmakeerthi R.S. | ||
| 245 | 0 | _aProgress in Hevea nutrition research in Sri Lanka: A retrospective view | |
| 260 |
_bBulletin of the Rubber Research Institute of Sri Lanka _c2009 |
||
| 300 | _a49-60 | ||
| 942 | _cJS | ||
| 999 |
_c65897 _d65897 |
||